Dynamics of reason / (Record no. 122901)
[ view plain ]
| 000 -LEADER | |
|---|---|
| fixed length control field | 01284mam a2200277 a 4500 |
| 001 - CONTROL NUMBER | |
| control field | 3066112 |
| 005 - DATE AND TIME OF LATEST TRANSACTION | |
| control field | 20150715110156.0 |
| 008 - FIXED-LENGTH DATA ELEMENTS--GENERAL INFORMATION | |
| fixed length control field | 010108s2001 cau b 001 0 eng |
| 010 ## - LIBRARY OF CONGRESS CONTROL NUMBER | |
| LC control number | 2001017171 |
| 020 ## - INTERNATIONAL STANDARD BOOK NUMBER | |
| International Standard Book Number | 1575862913 (alk. paper) |
| 020 ## - INTERNATIONAL STANDARD BOOK NUMBER | |
| International Standard Book Number | 1575862921 (pbk. : alk. paper) |
| 035 ## - SYSTEM CONTROL NUMBER | |
| System control number | (OCoLC)ocm45757765 |
| 040 ## - CATALOGING SOURCE | |
| Original cataloging agency | DLC |
| Transcribing agency | DLC |
| Modifying agency | NNC |
| -- | OrLoB-B |
| 050 00 - LIBRARY OF CONGRESS CALL NUMBER | |
| Classification number | Q175 |
| Item number | .F892 2001 |
| 082 00 - DEWEY DECIMAL CLASSIFICATION NUMBER | |
| Classification number | 501 |
| Edition number | 21 |
| 100 1# - MAIN ENTRY--PERSONAL NAME | |
| Personal name | Friedman, Michael, |
| Dates associated with a name | 1947- |
| 9 (RLIN) | 17547 |
| 245 10 - TITLE STATEMENT | |
| Title | Dynamics of reason / |
| Statement of responsibility, etc | Michael Friedman. |
| 260 ## - PUBLICATION, DISTRIBUTION, ETC. (IMPRINT) | |
| Place of publication, distribution, etc | Stanford, Calif. : |
| Name of publisher, distributor, etc | CSLI Publications, |
| Date of publication, distribution, etc | [2001]. |
| 300 ## - PHYSICAL DESCRIPTION | |
| Extent | xiv, 141 p. ; |
| Dimensions | 24 cm. |
| 500 ## - GENERAL NOTE | |
| General note | On t.p.: "The 1999 Kant Lectures at Stanford University." |
| 504 ## - BIBLIOGRAPHY, ETC. NOTE | |
| Bibliography, etc | Includes bibliographical references (p. 131-135) and index. |
| 505 00 - FORMATTED CONTENTS NOTE | |
| Miscellaneous information | Pt. 1. |
| Title | The Lectures. |
| Miscellaneous information | I. |
| Title | The Idea of a Scientific Philosophy. |
| Miscellaneous information | II. |
| Title | Historical Perspectives on the Stratification of Knowledge. |
| Miscellaneous information | III. |
| Title | Rationality, Revolution, and the Community of Inquiry -- |
| Miscellaneous information | Pt. 2. |
| Title | Fruits of Discussion. |
| Miscellaneous information | 1. |
| Title | The Relativized A Priori. |
| Miscellaneous information | 2. |
| Title | A Priori Principles and Empirical Evidence. |
| Miscellaneous information | 3. |
| Title | Rationality and Revolution. |
| Miscellaneous information | 4. |
| Title | The Role of Philosophy. |
| Miscellaneous information | 5. |
| Title | Other Problems, Other Sciences. |
| 650 #0 - SUBJECT ADDED ENTRY--TOPICAL TERM | |
| Topical term or geographic name as entry element | Science |
| General subdivision | Philosophy. |
| 9 (RLIN) | 18052 |
| 900 ## - EQUIVALENCE OR CROSS-REFERENCE-PERSONAL NAME [LOCAL, CANADA] | |
| Numeration | TOC |
| 942 ## - ADDED ENTRY ELEMENTS (KOHA) | |
| Source of classification or shelving scheme | Library of Congress Classification |
| Item type | Monograph ( Printed materials) |
| Withdrawn status | Lost status | Source of classification or shelving scheme | Damaged status | Not for loan | Collection code | Home library | Current library | Shelving location | Date acquired | Total Checkouts | Full call number | Barcode | Date last seen | Price effective from | Koha item type |
|---|---|---|---|---|---|---|---|---|---|---|---|---|---|---|---|
| Library of Congress Classification | Main Collection | ARRUPE LIBRARY | ARRUPE LIBRARY | Main Collection | 15/07/2015 | Q175 .F892 2001 | 46500004586 | 03/07/2019 | 15/07/2015 | Monograph ( Printed materials) |